01169cam a2200217 4500008004100000035001200041245005400053260009600107300003200203504004500235505015600280590002300436600004400459651007000503651002600573700011200599700007700711942001300788999001700801952013300818081207n1981 mx a 000 0 spa u aa47600400aJesús González Ortega, defensor de la patria. aSaltillo, Coahuila, México :bColegio Coahuilense de Investigaciones Históricas, c1981 a94, 138 p. :bil. ;c22 cm. aBibliografía: p. 93-94 (primera parte) apt. 1. Parte general rendido al Supremo Gobierno de la Nación / Jesús González Ortega -- pt. 2. El Sitio de Puebla en 1863 / Luis Chávez Orozco aProyecto PIFI 20051 aGonzález Ortega, Jesús, d1822-1881 4aMéxico xHistoria xIntervención y segundo imperio, 1861-1867 4aSitio de Puebla, 18631 aGonzález Ortega, Jesús, d1822-1881. tParte general rendido al Supremo Gobierno de la Nación. f19811 aChávez Orozco, Luis, d1901-1966. tEl sitio de Puebla en 1863. f1981 2lcccLIB c79491d79491 102lcc4070aINV-033bINV-033cGENERALd2017-07-13f1a ed.iHkCSAoF1233 J47 1981pIIH000019322r2017-07-13 00:00:00tC:1yLIB